000 01038nam a2200241Ia 4500
003 Ost
005 20260507075134.0
008 260507s9999||||xx |||||||||||||| ||und||
020 _a6098388977
040 _cfsecg
041 _aara
082 _a330
100 _aالكفراوي، عوف محمود
_eمؤلف
245 0 _aدراسات في الإقتصاد الإسلامي :
_bالسياسة المالية والنقدية في ظل الإقتصاد الإسلامي /
_c عوف محمود الكفراوي
250 _aطبعة 2
260 _aالإسكندرية:
_bمركز الإسكندرية للكتاب,
_c2006
300 _a226 صفحة؛
_bإيضاحات ؛
_c24 سم
520 _aالنظام الإقتصادي والمالي في الإسلام- السياسة المالية والنقدية في الإسلام- مصاريف بيت المال.
653 _aالإقتصاد الإسلامي
653 _aالسياسة المالية
653 _aالنظام الإقتصادي
942 _cكتاب
999 _c43246
_d43246